<?xml version="1.0" encoding="UTF-8"?><?xml-stylesheet type="text/xsl" href="static/style.xsl"?><OAI-PMH xmlns="http://www.openarchives.org/OAI/2.0/" xmlns:xsi="http://www.w3.org/2001/XMLSchema-instance" xsi:schemaLocation="http://www.openarchives.org/OAI/2.0/ http://www.openarchives.org/OAI/2.0/OAI-PMH.xsd"><responseDate>2026-04-13T15:13:28Z</responseDate><request verb="GetRecord" identifier="oai:www.recercat.cat:11351/2766" metadataPrefix="marc">https://recercat.cat/oai/request</request><GetRecord><record><header><identifier>oai:recercat.cat:11351/2766</identifier><datestamp>2025-10-24T08:30:35Z</datestamp><setSpec>com_2072_378064</setSpec><setSpec>com_2072_378040</setSpec><setSpec>col_2072_378076</setSpec></header><metadata><record xmlns="http://www.loc.gov/MARC21/slim" xmlns:dcterms="http://purl.org/dc/terms/" xmlns:xsi="http://www.w3.org/2001/XMLSchema-instance" xmlns:doc="http://www.lyncode.com/xoai" xsi:schemaLocation="http://www.loc.gov/MARC21/slim http://www.loc.gov/standards/marcxml/schema/MARC21slim.xsd">
   <leader>00925njm 22002777a 4500</leader>
   <datafield ind2=" " ind1=" " tag="042">
      <subfield code="a">dc</subfield>
   </datafield>
   <datafield ind2=" " ind1=" " tag="260">
      <subfield code="c">2017-04-26T08:44:18Z</subfield>
   </datafield>
   <datafield ind2=" " ind1=" " tag="260">
      <subfield code="c">2017-04-26T08:44:18Z</subfield>
   </datafield>
   <datafield ind2=" " ind1=" " tag="260">
      <subfield code="c">2016-12</subfield>
   </datafield>
   <datafield ind2=" " ind1=" " tag="520">
      <subfield code="a">Consum de drogues; Prevenció; Esport</subfield>
   </datafield>
   <datafield ind2=" " ind1=" " tag="520">
      <subfield code="a">Consumo de drogas; Prevención; Deporte</subfield>
   </datafield>
   <datafield ind2=" " ind1=" " tag="520">
      <subfield code="a">Drug use; Prevention; Sport</subfield>
   </datafield>
   <datafield ind2=" " ind1=" " tag="520">
      <subfield code="a">Aquesta guia s’adreça a totes aquelles persones professionals (tècnics d’esport, monitors de lleure, professors i educadors...) que, a través de l’esport poden fomentar en els joves factors de protecció vers el consum de drogues des dels seus àmbits d’actuació (clubs esportius, entitats de lleure, centres educatius, etc.).&#xd;
Aquest document conté orientacions sobre com es pot fomentar la prevenció del consum de drogues i promoure els hàbits saludables entre els joves des de l’activitat física i esportiva. També hi han estratègies per adreçar-se a les famílies, així com recomanacions sobre com actuar davant d’una situació de consum en determinats espais de lleure esportiu</subfield>
   </datafield>
   <datafield ind2=" " ind1=" " tag="520">
      <subfield code="a">Esta guía se dirige a todas aquellas personas profesionales (técnicos de deporte, monitores de tiempo libre, profesores y educadores ...) que, a través del deporte pueden fomentar en los jóvenes factores de protección frente al consumo de drogas desde los sus ámbitos de actuación (clubes deportivos, entidades de ocio, centros educativos, etc.).&#xd;
Este documento contiene orientaciones sobre cómo se puede fomentar la prevención del consumo de drogas y promover los hábitos saludables entre los jóvenes desde la actividad física y deportiva. También han estrategias para dirigirse a las familias, así como recomendaciones sobre cómo actuar ante una situación de consumo en determinados espacios de ocio deportivo</subfield>
   </datafield>
   <datafield ind2=" " ind1=" " tag="520">
      <subfield code="a">This guide is aimed at all those professionals (technical sports, sports instructors, teachers and educators ...), through sport can encourage youth protection factors towards drug from its areas of action (sports clubs, leisure organizations, schools, etc.).&#xd;
This document provides guidance on how to promote the prevention of drug abuse and promoting healthy habits among young people from physical activity and sports. There are also strategies to address families, as well as recommendations on how to deal with a situation of consumption in certain areas of leisure sports</subfield>
   </datafield>
   <datafield ind1="8" ind2=" " tag="024">
      <subfield code="a">http://hdl.handle.net/11351/2766</subfield>
   </datafield>
   <datafield tag="653" ind2=" " ind1=" ">
      <subfield code="a">Drogoaddicció - Prevenció</subfield>
   </datafield>
   <datafield tag="653" ind2=" " ind1=" ">
      <subfield code="a">Educació física</subfield>
   </datafield>
   <datafield tag="653" ind2=" " ind1=" ">
      <subfield code="a">PUBLIC HEALTH::Environmental Health::Science::Toxicology::Substance-Related Disorders</subfield>
   </datafield>
   <datafield tag="653" ind2=" " ind1=" ">
      <subfield code="a">Other subheadings::Other subheadings::Other subheadings::/prevention &amp; control</subfield>
   </datafield>
   <datafield tag="653" ind2=" " ind1=" ">
      <subfield code="a">ANTHROPOLOGY, EDUCATION, SOCIOLOGY AND SOCIAL PHENOMENA::Human Activities::Exercise</subfield>
   </datafield>
   <datafield tag="653" ind2=" " ind1=" ">
      <subfield code="a">SALUD PÚBLICA::salud ambiental::ciencia::toxicología::trastornos relacionados con sustancias</subfield>
   </datafield>
   <datafield tag="653" ind2=" " ind1=" ">
      <subfield code="a">Otros calificadores::Otros calificadores::Otros calificadores::/prevención &amp; control</subfield>
   </datafield>
   <datafield tag="653" ind2=" " ind1=" ">
      <subfield code="a">ANTROPOLOGÍA, EDUCACIÓN, SOCIOLOGÍA Y FENÓMENOS SOCIALES::actividades humanas::ejercicio físico</subfield>
   </datafield>
   <datafield ind2="0" ind1="0" tag="245">
      <subfield code="a">3,2,1...Prevenció! Guia de recomanacions per a la prevenció del consum de drogues des de l'àmbit esportiu</subfield>
   </datafield>
</record></metadata></record></GetRecord></OAI-PMH>